00429nam a2200169Ia 4500008004100000020001500041041000800056082001900064100001800083245002600101260006700127300000800194365001000202650001700212650001500229700001500244140306s9999 xx 000 0 und d a007460029X aeng a657.45bBAT/TE aBagardua, J C aText book of auditing aNew DelhibTata Mc Graw -Hill Publishing Company Limitedc1992 a463 bRs.90 aAudit report aCost audit aBatra, V K